000 01118nam a2200325 i 4500
001 bg
100 1 _aPIEPRZYK, Josef
245 1 0 _aTeoria bezpieczeństwa systemów komputerowych /
_cJosef Pieprzyk, Thomas Hardjono, Jennifer Seberry ; [tł. Tomasz Żmijewski, Andrzej Grażynski].
246 _iTyt. oryg.:
_aFndamentals of computer security
260 _aGliwice :
_b"Helion",
_c2005.
300 _a595 s. ;
_c25 cm.
490 1 _aKanon Informatyki
500 _aTyt. oryg.: "Fndamentals of computer security".
504 _aBibliogr. - Indeks.
650 9 _aSystemy informatyczne
_xochrona
_xteoria
655 _aPodręczniki
700 1 _aHARDJONO, Thomas
700 1 _aSEBERRY, Jennifer
700 1 _aŻMIJEWSKI, Tomasz.
_eTł.
700 1 _aGRAŻYŃSKI, Andrzej.
_eTł.
830 _aKanon Informatyki
020 _a8373616780
040 _cBPK
041 1 _apol
_heng
080 _a004.056(07)
920 _a83-7361-678-0
942 _cKS
008 s pl f |000 0 pol
999 _c46628
_d46628
856 _uhttp://koha.tu.koszalin.pl/cgi-bin/koha/opac-detail.pl?biblionumber=46628
_yKatalog online BPK